=LDR 00000nam 2200000 4500 =001 INLIS000000000012820 =005 20130612104315 =008 ***********************************Ind** =035 ##$$0010-061300000012820 =041 ##$$a Ind =082 ##$$a 616.852 7 =090 ##$$a 616.852 7, Sai w =100 ##$$a Sandus, Deidre =245 ##$$a Wanita dan Depusi, Dlidre Sanders ; alih bahasa ediati Karmil =260 ##$$a 1985 $b Jakarta =300 ##$$a 180.hlm., 20 cm =650 ##$$a Defresi =700 ##$$a Karmil, Ediati =850 ##$$a NBPNMAT